Czech position in international comparison of R&D sector performance
Komparatívna analýza celkového stavu oblasti výskumu, rozvoja a inovácií Českej republiky v medzinárodnom porovnaní s rozvinutými krajinami EÚ. Hlavné nedostatky sektora.
Na minha lista:
| Autor principal: | |
|---|---|
| Formato: | Capítulo de Livro |
| Idioma: | inglês |
| Assuntos: | |
| Tags: |
Sem tags, seja o primeiro a adicionar uma tag!
|
MARC
| LEADER | 00000naa a2200000 4500 | ||
|---|---|---|---|
| 001 | 0183249 | ||
| 005 | 20230918094726.9 | ||
| 041 | 0 | |a eng | |
| 044 | |a SK | ||
| 245 | 1 | 0 | |a Czech position in international comparison of R&D sector performance |c Slavoj Czesaný |
| 520 | |a Komparatívna analýza celkového stavu oblasti výskumu, rozvoja a inovácií Českej republiky v medzinárodnom porovnaní s rozvinutými krajinami EÚ. Hlavné nedostatky sektora. | ||
| 610 | 2 | 0 | |a analýza komparatívna |
| 610 | 2 | 0 | |a veda |
| 610 | 2 | 0 | |a výskum |
| 610 | 2 | 0 | |a Česko |
| 610 | 2 | 0 | |a krajiny vyspelé |
| 610 | 2 | 0 | |a inovácia |
| 610 | 2 | 0 | |a rozvoj vedecký |
| 100 | 1 | |a Czesaný, Slavoj | |